000 00498nam a2200181Ia 4500
003 IN-BaIIA
008 211028s9999 xx 000 0 eng d
040 _cIIA Library
080 _a681.3
_bWAS
100 _aWass, C. A. A
_93244
245 0 _aIntroduction to electronic analogue computers
_cC.A.A. Wass and K.C. Garner.
260 _aLondon
_bPergamon Press
_c1956
300 _ax, 237p.
650 _aComputers
_92283
650 _aNASA thesaurus
700 _aGarner, K. C.
_93245
942 _cBK
999 _c1630
_d1630